[Event "UZB-ch Men 2018"]
[Site "Tashkent"]
[Date "2018.05.09"]
[Round "7.2"]
[White "Barsov, Alexei"]
[Black "Jumanov, Elbek"]
[Result "1/2-1/2"]
[WhiteElo "2411"]
[BlackElo "2283"]
[Annotator "TA"]
[PlyCount "69"]
[EventDate "2018.05.13"]
[EventType "tourn"]
[EventCountry "UZB"]

{[%evp 30,69,27,38,20,24,22,25,20,39,25,19,33,3,7,0,0,0,0,0,0,0,0,0,38,29,50,56,63,25,66,29,46,13,17,12,12,12,12,14,18,19]} 1. d4 Nf6 2. Nf3 g6 3. g3 Bg7 4. Bg2 O-O 5. c4 c5 6. O-O cxd4 7. Nxd4 Nc6 8. Nc3 d6 9. Nxc6 bxc6 10. Bxc6 Rb8 11. Bg2 Qa5 12. Qd2 {E65: King's Indian: Fianchetto: 6...c5 7 0-0 without d5 by White} Be6 13. b3 Rxb3 14. axb3 Qxa1 15. Nb5 {[%cal Bc3b5,Bb5a7,Ba7c6,Bc6d4][%mdl 32]} a6 16. Na7 {LiveBook: 5 Games} Qb1 17. Qb4 Qa2 18. Nc6 Re8 {[#]} 19. Nd4 $146 ({Predecessor:} 19. e4 Nd7 20. Bg5 Nc5 21. e5 Nd3 22. Nxe7+ Kh8 23. Qxd6 Qxb3 24. Bf6 Nb2 25. Qd2 {1-0 (25) Meier,G (2654)-Kovalev,V (2599) Baku 2016}) 19... Bg4 20. h3 Bxe2 21. Re1 Bd3 22. Qc3 e5 $1 23. Qxd3 exd4 24. Rxe8+ Nxe8 25. Bf4 Qa1+ 26. Bf1 Qe1 27. Bd2 {[%mdl 1024] White has compensation.} Qd1 28. Kg2 Nc7 29. b4 Be5 30. Be2 Qa4 $1 31. Qe4 h5 {The position is equal.} 32. c5 {[#] Bc4 is the strong threat.} Qa2 33. cxd6 Bxd6 34. Qxd4 Qd5+ 35. Qxd5 {Precision: White = 68%, Black = 72%.} 1/2-1/2

[Event "UZB-ch Men 2018"]
[Site "Tashkent"]
[Date "2018.05.09"]
[Round "7.3"]
[White "Khoroshev, Nikita"]
[Black "Yakubboev, Nodirbek"]
[Result "1/2-1/2"]
[WhiteElo "2340"]
[BlackElo "2493"]
[Annotator "TA"]
[PlyCount "46"]
[EventDate "2018.05.13"]
[EventType "tourn"]
[EventCountry "UZB"]

{[%evp 14,46,7,-14,21,-2,-1,-16,31,-10,-34,-29,-16,-27,-19,-30,-13,-20,-16,-20,-14,-12,-12,-13,-20,-35,0,-16,0,0,0,0,0,0,20]} 1. d4 Nf6 2. Bf4 b6 3. e3 Bb7 4. Nf3 g6 5. Bd3 Bg7 6. h3 O-O 7. O-O d6 8. Nbd2 {LiveBook: 10 Games} Nfd7 $146 {A48: 1 d4 Nf6 2 Nf3 g6: Torre, London and Colle Systems} ({Predecessor:} 8... c5 9. Bh2 Nbd7 10. c3 a6 11. Re1 b5 12. a4 Qb6 13. e4 Rfd8 14. Qe2 c4 15. Bc2 Nf8 16. d5 N8d7 {0-1 (49) Le,Q (2737)-Hansen,E (2629) chess.com INT 2018}) 9. Bh2 e5 10. c3 f5 {[#] aiming for ...e4.} 11. dxe5 dxe5 12. Bc4+ Kh8 13. Qe2 Qe7 14. Rfd1 a5 15. a4 Nc5 16. Nb3 Nbd7 17. Nxc5 Nxc5 18. Bd5 Ba6 19. Bc4 Bb7 20. Bd5 {The position is equal.} c6 21. Bc4 Rae8 22. Qd2 Rd8 23. Qc2 Bc8 {Precision: White = 62%, Black = 52%.} 1/2-1/2

[Event "UZB-ch Men 2018"]
[Site "Tashkent"]
[Date "2018.05.09"]
[Round "7.4"]
[White "Fayzullaev, Akmal"]
[Black "Vokhidov, Shamsiddin"]
[Result "1-0"]
[WhiteElo "2382"]
[BlackElo "2414"]
[Annotator "TA"]
[PlyCount "65"]
[EventDate "2018.05.13"]
[EventType "tourn"]
[EventCountry "UZB"]

{[%evp 13,65,4,19,17,21,14,28,6,11,4,0,0,16,17,14,11,29,32,46,52,62,48,107,94,179,168,154,185,428,402,487,471,565,579,566,525,450,207,304,280,288,295,491,493,775,772,735,720,2122,1701,29981,1960,29983,1454]} 1. e4 e5 2. Nf3 Nc6 3. Bb5 Nf6 4. d3 Bc5 5. Bxc6 dxc6 6. O-O {C65: Ruy Lopez: Berlin Defence (3...Nf6), unusual lines and 4 0-0 Bc5} Qe7 7. Be3 (7. h3 Rg8 8. Kh1 Nh5 9. c3 g5 10. Nxe5 g4 11. d4 Bd6 12. g3 Bxe5 13. dxe5 Qxe5 {0-1 (27) Aronian,L (2794)-Kramnik,V (2800) Berlin 2018}) 7... Bg4 {LiveBook: 3 Games} 8. Bxc5 {The position is equal.} Qxc5 9. Nbd2 Nd7 $146 ({Predecessor:} 9... O-O-O 10. Qb1 Nh5 11. b4 Qe7 12. b5 c5 13. Qb2 f6 {0-1 (45) Zajic,M (2454)-Codenotti,M (2345) Belgrade 2014}) 10. Qb1 a5 11. c3 Rd8 12. a3 a4 13. d4 Qe7 14. Qc2 Ra8 15. h3 Bh5 16. dxe5 Nxe5 17. Nd4 f6 (17... g5 $1 $14) 18. Nf5 $36 {[%mdl 2048] Black is under strong pressure.} Qf7 (18... Qf8 $16) 19. f4 $18 Nd7 {[#]} 20. e5 $1 {[%cal Be4e5,Be5e6][%mdl 32] Black must now prevent e6!} Nc5 $2 (20... Kd8 21. Rae1 Re8) 21. Ne4 Nxe4 22. Qxe4 O-O 23. e6 Qe8 24. g4 Bg6 25. Rad1 (25. e7 $142) 25... Kh8 (25... Bxf5 $142 26. gxf5 Qh5) 26. Rfe1 Rg8 27. Rd7 Ra5 $2 {[#]} (27... Qb8 28. e7 h6) 28. Red1 Bxf5 (28... h6 $142 29. e7 (29. Rxc7 Bxf5 30. gxf5 Qh5 $18) 29... Qf7) 29. gxf5 Ra8 30. e7 Qh5 31. Rd8 h6 32. R1d3 (32. Rxg8+ $142 Rxg8 33. Rd8 Re8 34. Qd4 Kh7 35. Rxe8 (35. Qd7 Qh4 $16) 35... Qxe8 36. Qd8 Qh5 37. e8=R Qxe8 38. Qxe8) 32... Kh7 33. Qe6 {Precision: White = 60%, Black = 17%.} (33. Rxa8 $142 Rxa8 34. Rd8 Rxd8 35. exd8=Q Qxh3 36. Qxc7 Qg3+ 37. Kf1 b5 38. Qcxc6 Qh3+ 39. Ke2 Qg4+ 40. Kd2) 1-0

[Event "UZB-ch Men 2018"]
[Site "Tashkent"]
[Date "2018.05.09"]
[Round "7.5"]
[White "Tillyaev, Ulugbek"]
[Black "Dzhumaev, Marat"]
[Result "0-1"]
[WhiteElo "2292"]
[BlackElo "2451"]
[Annotator "TA"]
[PlyCount "126"]
[EventDate "2018.05.13"]
[EventType "tourn"]
[EventCountry "UZB"]

{[%evp 12,126,10,6,10,-5,0,0,2,0,32,27,37,36,29,34,37,14,24,16,34,20,33,14,24,8,7,14,8,14,35,35,35,7,22,-24,-10,-25,-8,-18,-16,-21,0,0,0,0,0,0,0,0,29,7,48,25,53,37,93,34,35,0,0,-8,0,0,0,0,0,0,51,0,68,57,172,141,185,179,542,197,162,109,105,105,105,97,122,125,110,68,63,57,139,75,85,68,68,68,66,-418,0,0,0,-29985,0,-29983,-29984,-29984,-29985,-29985,-29986,-29989,-29990,-29993,-29994,-29994,-29995,-29995,-29996]} 1. e4 e5 2. Nf3 Nc6 3. Bb5 a6 4. Ba4 Nf6 5. Qe2 Be7 6. c3 O-O 7. O-O {LiveBook: 7 Games} Re8 {C77: Ruy Lopez: 3...a6 4 Ba4 Nf6, unusual lines} 8. Re1 Bf8 9. d3 b5 $146 {The position is equal.} ({Predecessor:} 9... g6 10. Nbd2 Bg7 11. a3 h6 12. Nf1 d5 13. Ng3 {1-0 (36) Smieszek,W (2185)-Sabuk,P (2382) Katowice 2017}) 10. Bc2 Bb7 11. Bg5 {[%cal Bc1g5,Bg5h4,Bh4g3][%mdl 32]} h6 12. Bh4 d6 13. Nbd2 {[%cal Bb1d2,Bd2f1,Bf1e3][%mdl 32]} Be7 14. Nf1 Nh5 15. Bg3 Bf8 16. Ne3 g6 17. a4 Bg7 18. Qd2 Nxg3 19. fxg3 Qd7 20. Rf1 Ne7 21. h3 Kh7 22. Bb3 f6 23. Ng4 Rf8 24. axb5 axb5 25. Rxa8 Bxa8 26. d4 {Threatens to win with dxe5.} f5 27. exf5 gxf5 28. Ne3 $36 {[%mdl 2048] White fights for an advantage.} Bxf3 $1 29. Rxf3 e4 $1 {[%cal Re4f3]} 30. Rf4 Ng6 31. Rf1 c6 32. d5 c5 33. Bc2 Kh8 (33... Kg8 $14) 34. Qe2 ({Better is} 34. g4 $16) 34... b4 $14 35. Qh5 Ne7 36. g4 {[%cal Rg4f5,Bg3g4,Bg4g5][%mdl 32]} f4 37. Nc4 e3 38. g5 bxc3 39. bxc3 {And now Nxe3! would win.} Qe8 (39... Nxd5 $11 40. Qg6 (40. gxh6 $2 Bxc3 41. Kh1 Qe6 $19) 40... Bxc3 41. Qxh6+ Kg8) 40. Qf3 (40. Qe2 $1 $14 Qf7 41. Qd3 (41. Nxd6 Qxd5 42. Rd1 Qg8 $14)) 40... Ng6 (40... Bxc3 $11 41. Rc1 (41. gxh6 Nxd5 42. Nxd6 Qe6 $17) (41. Nxd6 Qd7 $15) 41... Qd7) 41. Nxd6 Qe5 (41... Qe7 $14 42. Ne4 (42. Bxg6 Qxd6 43. gxh6 Bxc3 $16) 42... Ne5) 42. gxh6 $18 ({Don't do} 42. Bxg6 $6 Qxd6 43. Bd3 hxg5 $16) 42... Bxh6 43. Nc4 Qxc3 $2 (43... Qg7 {is more resistant.}) 44. Qe4 $2 (44. Bxg6 {Hoping for Qh5.} Qd4 45. Rb1) 44... Rg8 45. d6 ({White should play} 45. Nd6 $18) 45... Qd4 $16 {White must now prevent ...e2+.} 46. Rd1 Qxe4 47. Bxe4 Kg7 48. d7 Bg5 49. Kf1 Rb8 50. Rd5 Bh4 (50... Bd8 $1 $14) 51. Rxc5 (51. Bxg6 $142 $1 Kxg6 52. Ke2 (52. Rxc5 Rb1+ 53. Ke2 Re1+ 54. Kf3 Rf1+ 55. Kg4 e2 $16)) 51... Nf8 52. Rc8 Rb4 $1 53. Bd3 Ne6 54. Rc6 $2 {[%mdl 8192] [#]} (54. Re8 $14 {keeps the upper hand.} Nc5 55. Ne5) 54... Nd4 $2 ({Black should try} 54... e2+ $1 $19 {[%mdl 512]} 55. Kxe2 (55. Bxe2 Rb1+) 55... Nd4+ 56. Kd2 Nxc6) 55. Rg6+ $11 Kf8 56. g4 $2 {[%mdl 8192]} (56. g3 $11 Bd8 57. Ne5 (57. gxf4 e2+ 58. Bxe2 Nxe2 $11)) 56... Ra4 $2 (56... Rb1+ $1 {mates} 57. Kg2 f3+ 58. Kh2 {[#]} Rh1+ $1 {[%mdl 512]} 59. Kxh1 e2 60. Bxe2 fxe2 61. d8=R+ Bxd8 62. Ra6 e1=Q+ 63. Kg2 Qe2+ 64. Kg3 Qf3+ 65. Kh2 Ne2 66. Rf6+ Bxf6 67. h4 Qg3+ 68. Kh1 Qh3#) 57. Rd6 $2 {[%mdl 8192]} (57. g5 $11 Ra1+ 58. Kg2 f3+ 59. Kh2 Ra2+ 60. Kh1 Ra1+ 61. Kh2 Ra2+ 62. Kh1 Ra1+ 63. Kh2) 57... Ra1+ {Black mates.} 58. Kg2 f3+ 59. Kh2 Ra2+ 60. Kh1 e2 61. Bxe2 fxe2 {[%cal Re2e1]} 62. d8=Q+ Bxd8 63. Rxd8+ Ke7 {Precision: White = 37%, Black = 40%.} 0-1

[Event "UZB-ch Men 2018"]
[Site "Tashkent"]
[Date "2018.05.09"]
[Round "7.6"]
[White "Sindarov, Javokhir"]
[Black "Abdusattorov, Nodirbek"]
[Result "1/2-1/2"]
[WhiteElo "2430"]
[BlackElo "2550"]
[Annotator "TA"]
[PlyCount "59"]
[EventDate "2018.05.13"]
[EventType "tourn"]
[EventCountry "UZB"]

{[%evp 22,59,19,0,41,34,38,32,55,-11,0,-2,29,-13,-13,-13,-13,-13,-13,-13,-20,-23,-13,-13,-13,-13,-13,-11,-16,-16,0,0,0,0,0,0,0,0,0,0]} 1. e4 c6 2. d4 d5 3. Nd2 dxe4 4. Nxe4 Bf5 5. Ng3 Bg6 6. Nf3 Nd7 7. Bd3 e6 8. O-O Ngf6 9. Re1 Be7 10. c4 O-O 11. Bxg6 hxg6 12. Bf4 {LiveBook: 11 Games. B18: Classical Caro-Kann: 4...Bf5 sidelines} Qa5 (12... a5 13. Qc2 a4 14. Rad1 Re8 15. Ne2 Qa5 16. Nc1 b5 17. Bd2 Qa6 18. c5 Bd8 19. Nd3 Nd5 {½-½ (34) Godena,M (2508)-Dvirnyy,D (2561) Milan 2015}) 13. Qc2 Rfe8 14. a3 {White is slightly better.} b5 15. Ne5 (15. c5 $14) 15... bxc4 $146 ({Predecessor:} 15... Rac8 16. Nxd7 Nxd7 17. Ne4 bxc4 18. Qxc4 Qd5 19. Qxd5 cxd5 {1-0 (29) Morganti,L (1702)-Bolduc,M (1579) IECC email 2002}) 16. Nxc4 Qb5 17. Bd6 (17. b4 {feels hotter.} Rac8 18. Rac1 Nb6 19. Na5 c5 20. dxc5 Bxc5 21. bxc5 Qxa5 22. Bd6) 17... Nb6 18. Bxe7 Qxc4 19. Qxc4 Nxc4 20. Bxf6 gxf6 21. Ne4 Red8 22. b3 {The position is equal.} Na5 23. Nc5 Rxd4 24. Rac1 Rb8 25. b4 Nc4 26. Nb3 $1 {[%cal Rb3d4]} Rd3 27. Nc5 $1 {[%cal Rc5d3]} Rd4 28. Nb3 $1 {[%cal Rb3d4]} Rd3 29. Nc5 $1 {[%cal Rc5d3]} Rd4 30. Nb3 $1 {Precision: White = 54%, Black = 62%.} 1/2-1/2

[Event "UZB-ch Men 2018"]
[Site "Tashkent"]
[Date "2018.05.09"]
[Round "7.7"]
[White "Saydaliev, Saidakbar"]
[Black "Iuldachev, Saidali"]
[Result "0-1"]
[WhiteElo "2361"]
[BlackElo "2469"]
[Annotator "TA"]
[PlyCount "79"]
[EventDate "2018.05.13"]
[EventType "tourn"]
[EventCountry "UZB"]

{[%evp 11,79,28,37,9,17,11,11,-4,-6,-6,-7,-4,0,-8,-8,-8,-12,-12,-4,-10,0,0,0,-16,-5,-3,7,-2,0,-55,-59,-150,-157,-143,-162,-160,-150,-153,-152,-183,-149,-121,-87,-148,-158,-195,-182,-264,-250,-300,-288,-321,-310,-282,-288,-346,-247,-325,-287,-368,-349,-412,-424,-412,-406,-593,-579,-747,-742,-29992]} 1. d4 d6 2. Nf3 Bg4 3. g3 Bxf3 4. exf3 e6 5. Bg2 c6 (5... d5 6. f4 g6 7. Nd2 Bg7 8. c3 c6 9. Nf3 Ne7 10. h4 h5 11. Ne5 Nd7 12. O-O O-O 13. Qd3 {½-½ (41) Blohberger,F (2409)-Krasenkow,M (2644) Batumi 2018}) 6. O-O {A41: 1 d4 d6: Tartakower System and Modern Defence} g6 {LiveBook: 6 Games} 7. Be3 Bg7 8. Qd2 {The position is equal.} Ne7 9. Bh6 $146 ({Predecessor:} 9. Nc3 O-O 10. Ne4 d5 11. Nc5 b6 12. Nd3 Nd7 {½-½ (41) Garcia Paolicchi,R (2263)-Revilla Rio,F (2202) Ciudad Real 2004}) 9... Bxh6 10. Qxh6 Nf5 11. Qd2 d5 12. f4 O-O 13. c3 Nd7 14. Qc2 Qc7 15. Nd2 c5 16. dxc5 $1 Qxc5 17. b4 Qb6 18. c4 Qxb4 19. Rab1 Qc5 20. Rb5 (20. Qb2 $11) 20... Qc7 $15 {Strongly threatening ...Nd4.} 21. Qb2 (21. Rb2 $15) 21... Nd6 $17 22. cxd5 Nxb5 23. dxe6 Nd6 24. exd7 Qxd7 25. h4 h5 26. Nf3 Nc4 27. Qa1 (27. Qb3 $142 Nd6 28. Rd1) 27... Rad8 {[%cal Ba8d8,Bd8e8,Be8e2][%mdl 32]} 28. Ng5 b5 29. Re1 (29. Rc1 {might work better.}) 29... Qd4 $19 30. Qb1 Rfe8 31. Rxe8+ Rxe8 32. Qxb5 Re2 33. Nh3 Rb2 34. Qa4 Rd2 35. Kh2 Kg7 36. Qb3 Nd6 37. a4 a5 38. Qf3 (38. Qb8 {was worth a try.}) 38... Nf5 39. Qb3 Nh6 {[#] ( -> ...Ng4+)} 40. Qd1 {Precision: White = 24%, Black = 73%.} 0-1

[Event "UZB-ch Men 2018"]
[Site "Tashkent"]
[Date "2018.05.10"]
[Round "8.1"]
[White "Abdisalimov, Abdimalik"]
[Black "Iuldachev, Saidali"]
[Result "0-1"]
[WhiteElo "2317"]
[BlackElo "2469"]
[Annotator "TA"]
[PlyCount "86"]
[EventDate "2018.05.13"]
[EventType "tourn"]
[EventCountry "UZB"]

{[%evp 18,86,49,52,63,64,75,80,104,102,111,102,105,94,103,92,74,79,95,49,48,52,45,20,42,50,102,54,57,59,73,60,60,29,64,14,53,56,97,87,95,95,98,96,120,112,125,107,157,77,86,18,32,29,51,62,93,102,95,121,135,151,161,0,0,0,143,-777,-768,-5323,-5235]} 1. c4 e5 2. Nc3 Nc6 3. g3 f5 4. Bg2 Nf6 5. d3 Bb4 6. Bd2 d6 7. e3 {A25: English Opening vs King's Indian with ...Nc6 but without early d3} (7. Nf3 O-O 8. O-O a5 9. Ne1 Be6 10. a3 Bc5 11. Nd5 Qd7 12. Nxf6+ Rxf6 13. b4 Bd4 14. Rb1 axb4 15. axb4 f4 16. Nf3 fxg3 17. hxg3 {0-1 (41) Kollars,D (2443)-Bachmann,A (2603) Rhodes 2015}) 7... Bxc3 8. Bxc3 O-O 9. Ne2 Qe8 10. O-O {LiveBook: 3 Games} Kh8 11. Qd2 $146 ({Predecessor:} 11. b4 Qh5 12. b5 Nd8 13. Bd2 Ne6 14. Nc3 Ng4 15. h3 {0-1 (64) Vokac,M (2315)-Knaak,R (2495) Leipzig 1981}) 11... Bd7 12. f4 Qh5 13. fxe5 Ng4 {[%csl Gg4][%cal Rh5h2]} 14. h3 Ngxe5 15. Nf4 Qg5 16. Kh2 Rae8 17. Nd5 Qd8 18. Rf2 Ne7 19. Nf4 Ng8 20. b3 Nf6 21. Raf1 c6 (21... a6 $14) 22. Ne2 Kg8 23. Nd4 g6 {[%cal Bg7g6,Bg6g5][%mdl 32]} 24. Ne2 Qe7 25. Nf4 Bc8 26. Kh1 Ned7 27. Bd4 g5 28. Ne2 c5 29. Bxf6 (29. Rxf5 cxd4 30. Rxg5+ Kh8 $17) 29... Nxf6 30. e4 $1 h6 {[%cal Rf5e4]} 31. exf5 Qe3 32. Qd1 Re5 {[#]} 33. g4 (33. Kh2 $142 $1) 33... h5 $16 34. Bf3 (34. Nc3 $16 hxg4 35. hxg4) 34... hxg4 35. hxg4 {Black must now prevent Ng3.} Bd7 36. d4 $36 {[%mdl 2048] White is more active.} Re7 37. Ng3 Rh7+ {[#]} 38. Kg2 $1 cxd4 {Threatening ...Bc6.} 39. Re2 ({Don't play} 39. Bxb7 $6 Rh4 $14) 39... Qc3 40. Ne4 $2 (40. Bxb7 $18 {aiming for Bf3.} d3 41. Ref2) 40... Nxe4 $11 41. Rxe4 d3 (41... Bc6 $1 $11 {keeps the balance.} 42. Rxd4 (42. Qxd4 Qc2+ 43. Rf2 Qb1 $11) 42... Rh4 43. Bxc6 bxc6) 42. Re3 $2 {[%mdl 8192]} (42. Qe1 $16 d2 43. Qa1 Qxa1 44. Rxa1) 42... Qb2+ $19 43. Rf2 {[#]} Rh2+ $1 {[%mdl 512] Precision: White = 55%, Black = 48%.} 0-1

[Event "UZB-ch Men 2018"]
[Site "Tashkent"]
[Date "2018.05.10"]
[Round "8.2"]
[White "Abdusattorov, Nodirbek"]
[Black "Saydaliev, Saidakbar"]
[Result "1-0"]
[WhiteElo "2550"]
[BlackElo "2361"]
[Annotator "TA"]
[PlyCount "83"]
[EventDate "2018.05.13"]
[EventType "tourn"]
[EventCountry "UZB"]

{[%evp 23,83,-22,20,19,33,33,33,33,38,36,37,20,21,22,53,25,22,22,25,17,20,18,18,18,44,33,66,65,62,62,63,65,64,50,203,211,205,214,215,207,359,227,389,228,356,224,439,358,339,354,568,555,556,560,516,493,454,413,562,535,1655,1558]} 1. d4 Nf6 2. c4 e6 3. Nf3 d5 4. Nc3 c5 5. cxd5 Nxd5 6. e4 Nxc3 7. bxc3 cxd4 8. cxd4 Bb4+ 9. Bd2 Bxd2+ 10. Qxd2 O-O 11. Bd3 Nc6 {D41: Queen's Gambit Declined: Semi-Tarrasch with 5 cxd5} 12. e5 (12. Bc2 b6 13. O-O Bb7 14. d5 Na5 15. dxe6 fxe6 16. Qe2 Rc8 17. Rad1 Qc7 18. Nd4 Qe5 19. Rfe1 {½-½ (37) Wojtaszek,R (2737)-Kramnik,V (2794) Antalya 2017}) 12... Qa5 {LiveBook: 8 Games} 13. Rc1 Rd8 {The position is equal.} 14. Qxa5 Nxa5 15. Kd2 $146 ({Predecessor:} 15. Be4 Bd7 16. Ke2 Bc6 17. Ke3 Rac8 18. Rc3 Bxe4 19. Rxc8 Rxc8 20. Kxe4 {0-1 (48) Larrea Poladura,M-Cantora Alvarez,P Asturias 1998}) 15... h6 16. Ke3 Bd7 17. Rc5 b6 18. Rc7 Bc6 19. Ba6 Bd5 20. a4 Bc6 21. Ra1 Rd7 22. Rxd7 Bxd7 23. Bb5 $36 {[%mdl 2048] White is pushing.} Bc6 24. Rc1 Rc8 25. Nd2 Bb7 26. Rxc8+ Bxc8 $14 {[%mdl 4096] Endgame KBN-KBN} 27. Ne4 Bb7 28. Nd6 Bxg2 $2 (28... Kf8 $14) 29. f3 $1 $18 g5 {[#]} 30. Nc8 $1 g4 31. fxg4 ({Don't do} 31. Nxa7 $6 Bxf3 32. Nc8 h5 $14) 31... f6 $2 (31... Bb7 {might work better.}) 32. Nxa7 Bb7 $2 (32... fxe5 33. Nc8 (33. dxe5 Bb7 $16) 33... exd4+ 34. Kxd4 Kf8 35. Nxb6 Bf3) 33. h4 (33. exf6 $142 {Hoping for h4.} Kf7 34. h4 Kxf6 35. Kf4) 33... Kf7 (33... fxe5 $142 34. dxe5 Kf8) 34. Bd3 Ke7 $2 (34... fxe5 35. dxe5 Ke7) 35. exf6+ Kxf6 {[#]} 36. Kf4 $1 Nb3 $2 (36... Kf7 37. g5 hxg5+ 38. hxg5 (38. Kxg5 Nb3 $18) 38... Bc6 39. Nxc6 Nxc6) 37. g5+ hxg5+ 38. hxg5+ {[%cal Bh4g5,Bg5g6][%mdl 32]} Ke7 39. Ke5 Nd2 {If Black can now play ...Nf3+ this consolidates a bit.} 40. Be2 Bf3 41. Nc8+ Kd8 42. g6 {Precision: White = 83%, Black = 31%.} 1-0

[Event "UZB-ch Men 2018"]
[Site "Tashkent"]
[Date "2018.05.10"]
[Round "8.3"]
[White "Dzhumaev, Marat"]
[Black "Sindarov, Javokhir"]
[Result "1/2-1/2"]
[WhiteElo "2451"]
[BlackElo "2430"]
[Annotator "TA"]
[PlyCount "78"]
[EventDate "2018.05.13"]
[EventType "tourn"]
[EventCountry "UZB"]

{[%evp 26,78,45,13,24,-2,18,22,41,0,27,18,54,35,73,43,48,38,81,0,0,0,0,0,0,0,0,0,0,0,0,0,0,0,0,0,0,-22,0,-8,0,0,0,0,0,0,0,0,0,0,0,0,0,0,0]} 1. e4 c5 2. Nf3 Nc6 3. d4 cxd4 4. Nxd4 g6 5. Be2 Bg7 6. Nb3 d6 7. O-O Nf6 8. Nc3 O-O 9. Re1 a5 10. a4 Be6 11. Bg5 Rc8 {[%cal Ba8c8,Bc8c4,Bc4c5][%mdl 32]} 12. Bf1 {B70: Sicilian Dragon: 6 g3 and 6 Be2 (without a later Be3)} Nb4 (12... h6 13. Bh4 Nb4 14. Rc1 Qb6 15. Nd4 Bc4 16. Ndb5 Bxf1 17. Kxf1 Qc5 18. Kg1 Rfe8 19. b3 Nd7 {1-0 (28) Harikrishna,P (2737)-Arnaudov,P (2480) Skopje 2015}) 13. Nd4 Bc4 14. Ndb5 {LiveBook: 3 Games. White is slightly better.} Bxf1 15. Kxf1 h6 16. Bh4 Rc4 $146 ({Predecessor:} 16... Rc5 17. Kg1 Qc8 18. f3 Rh5 19. Bf2 Nd7 {1-0 (41) Kuporosov,V (2413)-Pasiev,R (2312) Moscow 2012}) 17. Qe2 Qc8 18. Rad1 Re8 19. Rd2 Kh7 20. h3 Rc5 21. Kg1 Nd7 22. Nd5 (22. f4 $16) 22... g5 $11 {The position is equal.} 23. Bg3 Rxc2 24. Nxb4 Rxd2 25. Qxd2 axb4 {[#]} 26. Bxd6 $1 {[%mdl 512]} exd6 27. Nxd6 Qd8 {White must now prevent ...Nc5.} 28. Nxe8 Qxe8 29. Qxb4 Ne5 {[#] Threatens to win with ...Nd3.} 30. Qxb7 {aiming for a5.} Qxa4 31. Qd5 Qc2 32. b4 Nd3 33. Rf1 Nxb4 34. Qxf7 Qxe4 35. f4 Nd3 {[%cal Rd3f4]} 36. fxg5 Qe3+ 37. Kh1 {White threatens Qf5+ and mate.} Qxg5 38. Qf5+ Qxf5 39. Rxf5 Kg6 {Precision: White = 41%, Black = 54%.} 1/2-1/2

[Event "UZB-ch Men 2018"]
[Site "Tashkent"]
[Date "2018.05.10"]
[Round "8.4"]
[White "Vokhidov, Shamsiddin"]
[Black "Tillyaev, Ulugbek"]
[Result "1/2-1/2"]
[WhiteElo "2414"]
[BlackElo "2292"]
[Annotator "TA"]
[PlyCount "66"]
[EventDate "2018.05.13"]
[EventType "tourn"]
[EventCountry "UZB"]

{[%evp 27,66,14,17,0,47,39,87,40,82,78,77,0,0,0,33,0,0,0,0,0,0,0,0,0,0,0,0,0,0,0,0,0,0,0,0,0,0,0,0,0,0]} 1. e4 c5 2. Nf3 d6 3. d4 cxd4 4. Qxd4 Nc6 5. Bb5 Bd7 6. Bxc6 Bxc6 7. Nc3 Nf6 8. Bg5 e6 9. O-O-O Be7 10. Rhe1 O-O 11. Kb1 Qa5 12. Qd2 Qa6 13. Nd4 Rac8 {B53: Sicilian: 2...d6: Lines with Qxd4} (13... b5 14. f3 Rfc8 15. g4 Be8 16. Nce2 Rc4 17. b3 Rc7 18. Ng3 Rac8 19. Rc1 Rc3 20. Nh5 b4 21. Nxg7 {1-0 (29) Zhigalko,S (2656)-Shirov,A (2709) Jurmala 2013}) 14. f3 Rfd8 {LiveBook: 9 Games} 15. h4 Be8 16. g4 b5 17. Nce2 Qb7 $146 ({Predecessor:} 17... Rc4 18. b3 Rc5 19. Ng3 Rdc8 20. Nh5 e5 21. Bxf6 exd4 22. Bxd4 Rxc2 23. Qxc2 Rxc2 24. Kxc2 {0-1 (70) Ardeshi,M (2379)-Mahjoob,M (2465) Teheran 2006}) 18. Ng3 Rc4 19. Nh5 (19. Rg1 {keeps more tension.} Kh8 20. Nh5 Ng8 21. Bxe7 Qxe7 22. g5) 19... Nxh5 20. gxh5 f6 $1 {[%cal Rf6g5]} 21. Nxe6 {[#] And now Bh6! would win.} (21. Be3 {is interesting.} Qd7 22. h6 g6 23. Qg2 d5 24. b3) 21... fxg5 {The position is equal.} 22. Nxd8 Bxd8 23. hxg5 Bxh5 24. Qxd6 {White threatens Qe6+ and mate.} Rc8 25. Rh1 Be7 26. Qe5 Bf7 ({Not} 26... Bxf3 $2 27. Qe6+ Kh8 {[#]} 28. Qg6 $1 $18 {[%mdl 512]}) 27. Qf5 Bg6 28. Qe6+ Bf7 29. Qh3 Bg6 $1 30. Qe6+ $1 Bf7 31. Qf5 Bg6 32. Qe6+ Bf7 33. Qh3 Bg6 $1 {Precision: White = 56%, Black = 72%.} 1/2-1/2